| 000 | 00984nam a2200265Ia 4500 | ||
|---|---|---|---|
| 003 | OSt | ||
| 005 | 20221005105228.0 | ||
| 006 | a|||||r|||| 00| 0 | ||
| 007 | ta | ||
| 008 | 221004b |||||||| |||| 00| 0 hin d | ||
| 020 |
_a9789331322968 (hbk) _c95 |
||
| 024 | _a15121 | ||
| 037 |
_b7114, 20/11/2014, Friends Publications (India) _cTextual |
||
| 040 |
_aCRL _cCRL _bhin |
||
| 041 |
_2hin _ahin |
||
| 082 | _aV2y7M75, 152Q4 | ||
| 100 | _aकृष्ण कुमार सिंह | ||
| 245 | 0 | _aसरदार वल्लभभाई पटेल | |
| 246 | _aSaradār vallabhabhāī paṭela | ||
| 260 |
_aनई दिल्ली _bए. पी. एच. पब्लिशिंग भारत _c2014 |
||
| 300 |
_a68पृ0 _ccm. |
||
| 650 | _aविश्व-इतिहास | ||
| 942 |
_hV2y7M75, 152Q4 _cTEXL _2cc |
||
| 999 |
_c1015202 _d1015202 |
||